[Event "AUTO-OPEN-2605"]
[Site "http://www.queenalice.com/game.php?id=1105358"]
[Date "2012.9.22"]
[Round "2"]
[White "seega"]
[Black "Plis"]
[Result "0-1"]
[WhiteElo "2240"]
[BlackElo "2493"]

1. Nf3 c5 2. c4 g6 3. d4 cxd4 4. Nxd4 Bg7 5. e4 Nc6 6. Nc2 d6 7. Be2 Nf6 8. Nc3
Nd7 9. Bd2 O-O 10. O-O Nc5 11. f3 Bd7 12. Rb1 Rc8 13. b4 Ne6 14. Nd5 Ne5 15.
Nce3 Nd4 16. Rc1 e6 17. Nc3 Nxe2+ 0-1

[Event "AUTO-OPEN-2605"]
[Site "http://www.queenalice.com/game.php?id=1105359"]
[Date "2012.9.22"]
[Round "2"]
[White "Plis"]
[Black "danbots5k"]
[Result "1-0"]
[WhiteElo "2504"]
[BlackElo "2365"]

1. e3 d5 2. Nf3 Bf5 3. c4 Nf6 4. Qb3 Bc8 5. cxd5 Nxd5 6. e4 Nb6 7. d4 e6 8. Nc3
N8d7 9. Bf4 Be7 10. Nb5 e5 11. Nxe5 O-O 12. Nxd7 Qxd7 13. Bxc7 Bd8 14. Be5 Kh8
15. Be2 f6 16. Bg3 a6 17. Nd6 Bc7 18. Rc1 Bxd6 19. Qxb6 Bxg3 20. hxg3 Qe6 21.
Qxe6 Bxe6 22. d5 Bf7 23. Kd2 Rac8 24. Rxc8 Rxc8 25. Bg4 Re8 26. Rc1 h5 27. d6
Rd8 28. d7 Kh7 29. Rc8 Rxd7+ 30. Bxd7 Bxa2 31. Bf5+ g6 32. Rc7+ Kh6 33. Bc8 a5
34. Bxb7 1-0

[Event "AUTO-OPEN-2605"]
[Site "http://www.queenalice.com/game.php?id=1105360"]
[Date "2012.9.22"]
[Round "2"]
[White "danbots5k"]
[Black "Plis"]
[Result "0-1"]
[WhiteElo "2290"]
[BlackElo "2512"]

1. Nf3 e6 2. d4 Nf6 3. g3 b5 4. Bg2 Bb7 5. O-O c5 6. Bf4 cxd4 7. Nxd4 Bxg2 8.
Kxg2 Qb6 9. f3 Nd5 10. Bc1 Nc6 11. e4 Nxd4 12. exd5 b4 13. Qd3 Bc5 14. Nd2 O-O
15. c3 Nf5 16. Re1 Rac8 17. Ne4 bxc3 18. bxc3 Qa5 19. Bd2 Be7 20. d6 Bd8 21.
Rab1 Qxa2 22. Rb5 Bb6 23. Kh3 Qc4 24. Qxc4 Rxc4 25. g4 Rxe4 26. fxe4 Nxd6 27.
Rbb1 Rc8 28. e5 Nc4 29. Bf4 h6 30. Red1 Rc7 31. Rd3 g5 32. Bg3 a5 33. Ra1 Ra7
34. Rdd1 a4 35. Rdb1 a3 36. Rb4 Rc7 37. Ra4 Ba5 38. Be1 Kg7 39. Kg2 Kg6 40. h3
Rc6 41. Rb1 Bc7 42. Bg3 h5 43. gxh5+ Kxh5 44. Re1 Ba5 45. Rc1 Kg6 46. h4 g4 47.
Bf4 Kh5 48. Bg3 Ne3+ 49. Kh1 Bc7 50. Rxa3 Nf5 51. Bf4 Nxh4 52. Rd1 Ng6 53. Bh2
Nxe5 54. Bxe5 Bxe5 0-1

[Event "AUTO-ELITE-1001"]
[Site "http://www.queenalice.com/game.php?id=1106107"]
[Date "2012.9.25"]
[Round "2"]
[White "Plis"]
[Black "Brooke"]
[Result "0-1"]
[WhiteElo "2497"]
[BlackElo "2675"]

1. e3 Nf6 2. b3 d5 3. Nf3 Bf5 4. Bb2 e6 5. d3 h6 6. Nbd2 c5 7. e4 Bh7 8. g3 Nc6
9. exd5 exd5 10. Bh3 Be7 11. O-O O-O 12. Re1 Nd7 13. a3 Qc7 14. Re2 b5 15. Nf1
d4 16. a4 bxa4 17. Rxa4 Bg6 18. Qe1 Rae8 19. Ra6 Ndb8 20. Ra1 Nb4 21. Bg2 Bh5
22. Qd1 f5 23. N1d2 f4 24. Re4 N8c6 25. Nc4 Nd5 26. Re6 Nc3 27. Qf1 fxg3 28.
fxg3 Qd7 29. Rae1 Bg4 30. Rg6 Bg5 31. Bxc3 dxc3 32. Rd6 Qc8 33. h4 Bf6 0-1

[Event "AUTO-ELITE-1001"]
[Site "http://www.queenalice.com/game.php?id=1106108"]
[Date "2012.9.25"]
[Round "2"]
[White "Brooke"]
[Black "Plis"]
[Result "1-0"]
[WhiteElo "2666"]
[BlackElo "2496"]

1. d4 d6 2. e4 Nf6 3. Nc3 c6 4. f4 Qa5 5. Bd3 e5 6. Nf3 Bg4 7. Be3 Nbd7 8. O-O
Be7 9. h3 Bh5 10. Qe1 Bxf3 11. Rxf3 exd4 12. Bxd4 O-O 13. a3 Rae8 14. Rd1 Bd8
15. Kh1 Qc7 16. g4 h6 17. Qg1 Nh7 18. Bc4 Nb6 19. Ba2 Kh8 20. h4 Bxh4 21. Rh3
Bf6 22. Bxf6 Nxf6 23. g5 Ng8 24. f5 d5 25. gxh6 gxh6 26. Qg2 1-0

[Event "AUTO-OPEN-2617"]
[Site "http://www.queenalice.com/game.php?id=1117529"]
[Date "2012.10.31"]
[Round "2"]
[White "Plis"]
[Black "denisan"]
[Result "1/2-1/2"]
[WhiteElo "2491"]
[BlackElo "2462"]

1. e4 e6 2. d4 d5 3. Nc3 Nf6 4. e5 Nfd7 5. f4 c5 6. Nf3 Nc6 7. Be3 Qb6 8. a3
cxd4 9. Nxd4 Bc5 10. Na4 Qa5+ 11. c3 Bxd4 12. Bxd4 Nxd4 13. Qxd4 b6 14. Qb4 Bb7
15. Qxa5 1/2-1/2

[Event "AUTO-OPEN-2617"]
[Site "http://www.queenalice.com/game.php?id=1117530"]
[Date "2012.10.31"]
[Round "2"]
[White "denisan"]
[Black "Plis"]
[Result "1/2-1/2"]
[WhiteElo "2459"]
[BlackElo "2496"]

1. e4 Nf6 2. e5 Nd5 3. d4 d6 4. Nf3 g6 5. exd6 cxd6 6. c4 Nb6 7. Be2 Bg7 8. O-O
O-O 9. h3 Nc6 10. Nc3 Bf5 11. Re1 Re8 12. g4 Bc8 13. a4 a6 14. Bg5 d5 15. c5 Nc4
16. Bxc4 1/2-1/2

[Event "AUTO-OPEN-2617"]
[Site "http://www.queenalice.com/game.php?id=1117531"]
[Date "2012.10.31"]
[Round "2"]
[White "Plis"]
[Black "gomestrovao"]
[Result "1-0"]
[WhiteElo "2493"]
[BlackElo "1748"]

1. g3 e5 2. c4 Bc5 3. Bg2 Nc6 4. Nc3 d6 5. e3 Nf6 6. Nf3 Bg4 7. h3 Bxf3 8. Qxf3
O-O 9. a3 a6 10. b4 Ba7 11. g4 h6 12. h4 Nh7 13. Bb2 Rb8 14. g5 hxg5 15. hxg5
Qxg5 16. Qh3 Qg6 17. Be4 f5 18. Bd5+ Kh8 19. Ke2 Rf6 20. Rag1 Qh6 21. Qg2 Rg6
22. Qxg6 Qxg6 23. Rxg6 Ne7 24. Rg3 Ng8 25. Bxg8 Kxg8 26. Nd5 Rf8 27. Ne7+ Kh8
28. Rxh7+ Kxh7 29. Rh3# 1-0

[Event "AUTO-OPEN-2617"]
[Site "http://www.queenalice.com/game.php?id=1117532"]
[Date "2012.10.31"]
[Round "2"]
[White "gomestrovao"]
[Black "Plis"]
[Result "0-1"]
[WhiteElo "1746"]
[BlackElo "2494"]

1. e4 Nc6 2. Nf3 e5 3. Bc4 Bc5 4. O-O d6 5. h3 h6 6. d3 Nf6 7. Nc3 O-O 8. a3 Be6
9. Bxe6 fxe6 10. Be3 Bb6 11. Bxb6 axb6 12. Nb5 Qd7 13. c4 Nh5 14. Nxe5 Nxe5 15.
Qxh5 Nxd3 16. Qe2 Nf4 17. Qg4 Qc6 18. g3 h5 19. Qh4 Ne2+ 20. Kg2 Qxc4 21. Nc3
Nxc3 22. bxc3 Ra5 23. Rfc1 Qe2 24. g4 hxg4 25. hxg4 Rg5 26. Re1 Rxg4+ 27. Kh3
Rxh4+ 28. Kxh4 Rf4+ 29. Kg3 Qxf2+ 30. Kh3 Rh4# 0-1

[Event "AUTO-OPEN-2603"]
[Site "http://www.queenalice.com/game.php?id=1145952"]
[Date "2013.1.27"]
[Round "3"]
[White "Plis"]
[Black "adrb"]
[Result "1-0"]
[WhiteElo "2497"]
[BlackElo "2176"]

1. e3 d5 2. Nf3 c6 3. d4 Bg4 4. h3 Bxf3 5. Qxf3 Nf6 6. Be2 e6 7. O-O Bd6 8. c4
Nbd7 9. Nc3 dxc4 10. Bxc4 O-O 11. Bb3 e5 12. Bd2 Re8 13. g4 Bb4 14. g5 Nd5 15.
h4 Bxc3 16. bxc3 e4 17. Qg4 a5 18. a4 Qc7 19. Rab1 Re6 20. c4 Nb4 21. c5 Nd5 22.
Qg3 Qc8 23. f3 N7f6 24. gxf6 Rxf6 25. h5 1-0

[Event "AUTO-OPEN-2603"]
[Site "http://www.queenalice.com/game.php?id=1145953"]
[Date "2013.1.27"]
[Round "3"]
[White "adrb"]
[Black "Plis"]
[Result "0-1"]
[WhiteElo "2178"]
[BlackElo "2495"]

1. d4 Nf6 2. c4 b6 3. Nc3 Bb7 4. Nf3 e6 5. a3 d5 6. cxd5 Nxd5 7. Qc2 Nxc3 8.
bxc3 Be7 9. e4 O-O 10. Bd3 c5 11. O-O Qc8 12. Qe2 Ba6 13. Bxa6 Qxa6 14. Qxa6
Nxa6 15. Bf4 Rfd8 16. Rfd1 cxd4 17. cxd4 f6 18. Bg3 Rac8 19. d5 exd5 20. exd5
Bd6 21. Nh4 g6 22. Rd4 Nc7 23. Bxd6 Rxd6 0-1

[Event "AUTO-OPEN-2617"]
[Site "http://www.queenalice.com/game.php?id=1166928"]
[Date "2013.4.1"]
[Round "3"]
[White "Zwartkijker"]
[Black "Plis"]
[Result "1/2-1/2"]
[WhiteElo "2404"]
[BlackElo "2509"]

1. d4 c5 2. d5 g6 3. e4 Bg7 4. Nf3 d6 5. c4 Nf6 6. Bd3 O-O 7. O-O e6 8. Nc3 Na6
9. dxe6 fxe6 10. e5 dxe5 11. a3 Nb8 12. Ne4 Nxe4 13. Bxe4 Qxd1 14. Rxd1 Nc6 15.
Bg5 Nd4 16. Be7 Rf4 17. Nd2 Bf8 18. Bxf8 Kxf8 19. b4 cxb4 20. axb4 Ne2+ 21. Kf1
Nc3 22. Re1 Ke7 23. f3 Nxe4 24. Nxe4 b6 25. Kf2 Bb7 26. Ke3 Bxe4 27. fxe4 Rff8
28. Ra6 1/2-1/2

[Event "AUTO-OPEN-2617"]
[Site "http://www.queenalice.com/game.php?id=1166929"]
[Date "2013.4.1"]
[Round "3"]
[White "Plis"]
[Black "Zwartkijker"]
[Result "1-0"]
[WhiteElo "2506"]
[BlackElo "2406"]

1. g3 d5 2. Bg2 Nf6 3. d3 e5 4. Nf3 Nc6 5. O-O Be7 6. Nbd2 O-O 7. e4 dxe4 8.
dxe4 Be6 9. Re1 Ne8 10. c3 Nd6 11. Nf1 Qd7 12. Ne3 Rad8 13. Qc2 Bh3 14. Bh1 Qe6
15. b3 Rd7 16. Bb2 Rfd8 17. Rad1 Qg6 18. c4 f6 19. c5 Nf7 20. Nh4 Qg5 21. Rxd7
Rxd7 22. Nd5 Bf8 23. b4 a6 24. a3 Be6 25. f4 Qh5 26. f5 Bxd5 27. exd5 Ne7 28.
Bf3 Qh6 29. Bc1 Ng5 30. Qc4 Kh8 31. Kh1 Rd8 32. Be3 1-0

[Event "AUTO-OPEN-2617"]
[Site "http://www.queenalice.com/game.php?id=1166932"]
[Date "2013.4.1"]
[Round "3"]
[White "Plis"]
[Black "denisan"]
[Result "1/2-1/2"]
[WhiteElo "2504"]
[BlackElo "2483"]

1. c4 e5 2. Nc3 Nf6 3. g3 g6 4. Bg2 Nc6 5. Nf3 Bg7 6. d4 exd4 7. Nxd4 O-O 8. O-O
Re8 9. e3 a6 10. b3 Nxd4 11. exd4 d5 12. Nxd5 Nxd5 13. cxd5 Bf5 14. Be3 Be4 15.
Bxe4 Rxe4 16. Rc1 1/2-1/2

[Event "AUTO-OPEN-2617"]
[Site "http://www.queenalice.com/game.php?id=1166933"]
[Date "2013.4.1"]
[Round "3"]
[White "denisan"]
[Black "Plis"]
[Result "1/2-1/2"]
[WhiteElo "2476"]
[BlackElo "2507"]

1. e4 e5 2. f4 exf4 3. Bc4 c6 4. Nc3 Nf6 5. Bb3 d5 6. exd5 cxd5 7. d4 Bd6 8. Nf3
Be6 9. O-O h6 10. Qe1 O-O 11. Qh4 Be7 12. Bxf4 Nc6 13. Qf2 Nh7 14. Ne5 Ng5 15.
Rae1 Bb4 16. Nxc6 bxc6 17. Qg3 Ne4 18. Nxe4 Bxe1 19. Rxe1 dxe4 20. Rxe4 Kh7 21.
Bxe6 1/2-1/2

[Event "AUTO-OPEN-2605"]
[Site "http://www.queenalice.com/game.php?id=1220424"]
[Date "2013.9.27"]
[Round "3"]
[White "Plis"]
[Black "Capivara"]
[Result "1-0"]
[WhiteElo "2517"]
[BlackElo "2354"]

1. c4 c6 2. e4 d5 3. exd5 cxd5 4. d4 Nf6 5. Nc3 Nc6 6. Nf3 Bg4 7. Be3 e6 8. c5
Be7 9. Rc1 O-O 10. b4 Bxf3 11. gxf3 Nxb4 12. Qb3 a5 13. a3 Nc6 14. Qxb7 Qc8 15.
Qxc8 Rfxc8 16. Bb5 Nd7 17. Rb1 Bf6 18. Na4 1-0

[Event "AUTO-OPEN-2605"]
[Site "http://www.queenalice.com/game.php?id=1220425"]
[Date "2013.9.27"]
[Round "3"]
[White "Capivara"]
[Black "Plis"]
[Result "0-1"]
[WhiteElo "2347"]
[BlackElo "2522"]

1. e4 c5 2. Nf3 e6 3. d4 cxd4 4. Nxd4 Nc6 5. Nc3 Nf6 6. Nxc6 bxc6 7. e5 Nd5 8.
Ne4 Qc7 9. f4 Qb6 10. Bd3 Ba6 11. Bxa6 Qxa6 12. Qe2 Qxe2+ 13. Kxe2 f5 14. exf6
Nxf6 15. Nxf6+ gxf6 16. b3 d5 17. Bb2 Rg8 18. Kf3 Kf7 0-1

[Event "AUTO-ELITE-1033"]
[Site "http://www.queenalice.com/game.php?id=1220426"]
[Date "2013.9.27"]
[Round "2"]
[White "pumamercedino"]
[Black "Plis"]
[Result "0-1"]
[WhiteElo "2328"]
[BlackElo "2531"]

1. d4 d5 2. c4 e6 3. Nc3 Nf6 4. cxd5 exd5 5. Bg5 Bb4 6. e3 Nbd7 7. Bd3 c5 8. a3
Bxc3+ 9. bxc3 Qa5 10. Ne2 b6 11. O-O Bb7 12. dxc5 bxc5 13. Rb1 Bc6 14. c4 O-O
15. cxd5 Bxd5 16. Nf4 c4 17. Bc2 Bc6 18. Qd6 Rac8 19. Bxf6 Nxf6 20. Qb4 Qg5 21.
g3 Rfe8 22. Rfd1 a5 23. Qc3 Qg4 24. e4 Nxe4 25. Bxe4 Bxe4 26. Rbc1 Rcd8 27. Rxd8
Rxd8 28. f3 Bxf3 29. Qxc4 g5 30. Qc7 Re8 31. Nd3 Ba8 0-1

[Event "AUTO-ELITE-1033"]
[Site "http://www.queenalice.com/game.php?id=1220427"]
[Date "2013.9.27"]
[Round "2"]
[White "Plis"]
[Black "pumamercedino"]
[Result "1-0"]
[WhiteElo "2526"]
[BlackElo "2353"]

1. Nc3 d5 2. e4 c6 3. d4 dxe4 4. Nxe4 Nf6 5. Nxf6+ gxf6 6. c3 Bf5 7. Nf3 Nd7 8.
g3 e6 9. Bg2 Bd6 10. Nh4 Bg6 11. O-O Qc7 12. a4 O-O 13. Bh6 Rfe8 14. a5 Rab8 15.
Re1 f5 16. Bg5 f4 17. Qg4 fxg3 18. fxg3 c5 19. Nxg6 hxg6 20. d5 Ne5 21. Qh4 Nd7
22. dxe6 Rxe6 23. Bd5 Ne5 24. Re3 Rbe8 25. Bxe6 fxe6 26. Bf6 Nf7 27. Re4 1-0